| 000 | 00467nam a2200169Ia 4500 | ||
|---|---|---|---|
| 003 | LK-CoDNM | ||
| 008 | 010623t2008 xxu||||| |||| 00| 1 sin d | ||
| 040 |
_aLK-CoDNM _dLK-CoDNM _eLK-CoDNM |
||
| 041 | _asin | ||
| 080 |
_a792.9 _bAMA |
||
| 100 | _aAmarasekara,K.G. | ||
| 245 | _aශ්රී ලංකාවේ රූකඩ නාට්ය | ||
| 246 | _aSri Lankawe Rukada Natya | ||
| 260 |
_bAuthor _aMatara _c2008 |
||
| 300 | _b120p,pl, 21 cm | ||
| 942 | _cBK | ||
| 999 |
_c128106 _d128106 |
||